Χώρες του Κόσμου - Statistics

General Stats
  • This quiz has been taken 29 677 times
    7 677 since last reset
  • The average score is 112 of 196
Answers on the Map
Answers color-coded by a green-red scale on the quiz's map according to % correct below.
 
Answer Stats
Χώρα % Correct
Ελλάδα
94%
Ιταλία
90%
Γαλλία
89%
Ρωσία
89%
Ηνωμένες Πολιτείες
89%
Καναδάς
88%
Γερμανία
88%
Ισπανία
88%
Κίνα
87%
Τουρκία
87%
Αλβανία
86%
Αυστραλία
86%
Βουλγαρία
85%
Πορτογαλία
85%
Βραζιλία
84%
Ιρλανδία
84%
Μεξικό
84%
Ουκρανία
84%
Ινδία
83%
Σουηδία
83%
Δανία
82%
Ισλανδία
82%
Ιαπωνία
82%
Ηνωμένο Βασίλειο
82%
Αργεντινή
81%
Κύπρος
81%
Αίγυπτος
81%
Νορβηγία
81%
Ιράν
80%
Πολωνία
80%
Ρουμανία
80%
Ελβετία
80%
Αυστρία
79%
Ιράκ
79%
Κροατία
78%
Νότια Κορέα
78%
Βέλγιο
77%
Χιλή
77%
Βόρεια Μακεδονία
77%
Ολλανδία
77%
Σερβία
77%
Φινλανδία
76%
Βόρεια Κορέα
76%
Μαρόκο
75%
Πακιστάν
75%
Σλοβακία
75%
Τσεχία
74%
Εσθονία
74%
Λετονία
74%
Σλοβενία
74%
Ουγγαρία
73%
Λιθουανία
73%
Λευκορωσία
72%
Περού
72%
Βοσνία και Ερζεγοβίνη
71%
Γεωργία
71%
Ισραήλ
71%
Μάλτα
71%
Καζακστάν
70%
Νέα Ζηλανδία
70%
Νότια Αφρική
70%
Ουρουγουάη
69%
Αρμενία
68%
Κολομβία
68%
Κούβα
68%
Ινδονησία
68%
Λουξεμβούργο
68%
Μαδαγασκάρη
68%
Μογγολία
68%
Μαυροβούνιο
68%
Παραγουάη
68%
Αλγερία
67%
Κόσοβο
67%
Μολδαβία
67%
Σαουδική Αραβία
65%
Συρία
65%
Λιβύη
64%
Άγιος Μαρίνος
64%
Ηνωμένα Αραβικά Εμιράτα
64%
Βενεζουέλα
64%
Αζερμπαϊτζάν
63%
Βολιβία
63%
Νιγηρία
63%
Φιλιππίνες
63%
Ταϊλάνδη
62%
Ουζμπεκιστάν
62%
Βατικανό
62%
Αφγανιστάν
61%
Ανδόρρα
61%
Ισημερινός
61%
Παναμάς
61%
Σουδάν
60%
Ομάν
59%
Τουρκμενιστάν
59%
Λαϊκή Δημοκρατία του Κονγκό
57%
Μονακό
57%
Τατζικιστάν
57%
Βιετνάμ
57%
Υεμένη
57%
Αιθιοπία
56%
Λίβανος
56%
Νεπάλ
56%
Κατάρ
56%
Τυνησία
56%
Ιορδανία
55%
Δημοκρατία του Κονγκό
55%
Κένυα
54%
Δομινίκα
53%
Λάος
53%
Σομαλία
53%
Φίτζι
52%
Νίγηρας
52%
Παπούα Νέα Γουινέα
52%
Σρι Λάνκα
52%
Γουινέα
51%
Λίχτενσταϊν
51%
Μαλαισία
51%
Κόστα Ρίκα
50%
Ακτή Ελεφαντοστού
50%
Γκάνα
50%
Κιργιζία
49%
Μπανγκλαντές
48%
Ζιμπάμπουε
48%
Αϊτή
47%
Τζαμάικα
46%
Μάλι
46%
Τανζανία
46%
Ανγκόλα
45%
Καμερούν
45%
Γουατεμάλα
45%
Γουιάνα
45%
Νικαράγουα
45%
Νότιο Σουδάν
45%
Σουρινάμ
45%
Ζάμπια
45%
Μπαχάμες
44%
Μπουτάν
44%
Τσαντ
44%
Ταϊβάν
44%
Ουγκάντα
44%
Καμπότζη
43%
Ελ Σαλβαδόρ
43%
Ονδούρα
43%
Μαλδίβες
43%
Αγία Λουκία
43%
Σιγκαπούρη
43%
Μιανμάρ
42%
Δομινικανή Δημοκρατία
42%
Κουβέιτ
42%
Μαυριτανία
42%
Σεϋχέλλες
41%
Σενεγάλη
40%
Μπαχρέιν
39%
Μπελίζ
38%
Λεσότο
38%
Ερυθραία
37%
Μοζαμβίκη
37%
Γκαμπόν
36%
Μαυρίκιος
36%
Μποτσουάνα
35%
Πράσινο Ακρωτήριο
35%
Ναμίμπια
34%
Ρουάντα
34%
Τόγκο
34%
Ανατολικό Τιμόρ
33%
Γκάμπια
33%
Λιβερία
33%
Μαλάουι
33%
Γρενάδα
32%
Νήσοι Μάρσαλ
32%
Άγιος Χριστόφορος και Νέβις
32%
Άγιος Βικέντιος και Γρεναδίνες
32%
Νήσοι Σολομώντα
32%
Τόνγκα
32%
Μπαρμπάντος
31%
Μπενίν
31%
Κεντροαφρικανική Δημοκρατία
31%
Ισημερινή Γουινέα
31%
Κιριμπάτι
31%
Εσουατίνι
31%
Τουβαλού
31%
Μπουρκίνα Φάσο
30%
Παλάου
30%
Τζιμπουτί
29%
Ομόσπονδες Πολιτείες της Μικρονησίας
29%
Σαμόα
29%
Σιέρα Λεόνε
29%
Τρινιντάντ και Τομπάγκο
29%
Βανουάτου
29%
Γουινέα-Μπισσάου
28%
Μπρουνέι
27%
Κομόρες
27%
Μπουρούντι
26%
Ναουρού
26%
Αντίγκουα και Μπαρμπούντα
25%
Σάο Τομέ και Πρίνσιπε
25%
No matching quizzes found
Score Distribution
Percent of People with Each Score
Percentile by Number Answered
Your Score History
You have not taken this quiz since the last reset